01528nam a2200277 a 4500001001000000003001100010005001700021008004100038040001800079041000800097044000700105050002000112082001400132245018400146260006700330300002500397500004300422500007000465500004500535500043500580500008301015500003201098600006801130650002101198700003101219BRCA_8427FranzMayer20230726111354.0250815s1724----sp-#######---#000-0#spa-# aMFMbespcMFM aspa asp 4aDCON5bC37 1724 2BX4700.T410aCartas de Santa Teresa de Jesús, madre y fundadora de la Reforma de la Orden de nuestra Señora del Carmen, de la Primitiva Observanciaccon notas de Juan de Palafox y Mendoza. aBarcelonabImprenta de los Padres Carmelitas Descalzosc[1724] a568 p. (t.1)c21 cm. aIncluye índice de las cosas notables aEstado físico : encuadernación en pergamino, cantos decorados aDonación de la Familia López Silanes aEn portada : Cartas de Santa Teresa de Iesvs, madre y fundadora de la Reforma de la Orden de nuestra Señora del Carmen, de la Primitiva Observancia : con notas del excelentissimo, y reverendissimo Señor Don Juan de Palafox y Mendoza, Obispo de Osma, del Consejo de su Majestad ; recogidas por orden del reverendissimo Padre Fray Diego de la Presentacion, General que fue de los Carmelitas Descalzos de la Primitiva Observancia aTomo primero. Dedicadas al serenissimo señor. El señor Don Ivan de Austria aNúmero de control : 0000114aTeresa, de Jesús, SantocTeresa de Ávilad1515-1582xCartas14aSantoszEspaña1 aPalafox y Mendoza, Juan de